Digital principles & applications (Record no. 32814)
[ view plain ]
| 000 -LEADER | |
|---|---|
| fixed length control field | 00363nam a2200157Ia 4500 |
| 082 ## - DEWEY DECIMAL CLASSIFICATION NUMBER | |
| Classification number | 621.395 |
| Item number | PAN |
| 100 ## - MAIN ENTRY--PERSONAL NAME | |
| Personal name | Malvino/ A. P./ Leach |
| 245 ## - TITLE STATEMENT | |
| Title | Digital principles & applications |
| 260 ## - PUBLICATION, DISTRIBUTION, ETC. | |
| Name of publisher, distributor, etc. | Mc Graw Hill |
| Place of publication, distribution, etc. | New Delhi |
| Date of publication, distribution, etc. | 1986 |
| 300 ## - PHYSICAL DESCRIPTION | |
| Extent | 490 |
| 546 ## - LANGUAGE NOTE | |
| Language note | ENGLISH |
| 650 ## - SUBJECT ADDED ENTRY--TOPICAL TERM | |
| Topical term or geographic name entry element | Electrical Engineering |
| 654 ## - SUBJECT ADDED ENTRY--FACETED TOPICAL TERMS | |
| Focus term | Digital |
| 942 ## - ADDED ENTRY ELEMENTS (KOHA) | |
| Koha item type | BOOK |
| Withdrawn status | Lost status | Damaged status | Not for loan | Collection | Home library | Current library | Shelving location | Date acquired | Source of acquisition | Cost, normal purchase price | Total Checkouts | Full call number | Barcode | Date last seen | Cost, replacement price | Price effective from | Koha item type |
|---|---|---|---|---|---|---|---|---|---|---|---|---|---|---|---|---|---|
| CRC | Fr. Agnel's C.Rodrigues College of Engineering | Fr. Agnel's C.Rodrigues College of Engineering | 17/03/2023 | global books | 135.00 | 621.395 PAN | 6569 | 17/03/2023 | 135.00 | 17/03/2023 | BOOK | ||||||
| CRC | Fr. Agnel's C.Rodrigues College of Engineering | Fr. Agnel's C.Rodrigues College of Engineering | 17/03/2023 | global books | 135.00 | 621.395 PAN | 6570 | 17/03/2023 | 135.00 | 17/03/2023 | BOOK | ||||||
| CRC | Fr. Agnel's C.Rodrigues College of Engineering | Fr. Agnel's C.Rodrigues College of Engineering | 17/03/2023 | global books | 135.00 | 621.395 PAN | 6571 | 17/03/2023 | 135.00 | 17/03/2023 | BOOK | ||||||
| CRC | Fr. Agnel's C.Rodrigues College of Engineering | Fr. Agnel's C.Rodrigues College of Engineering | 17/03/2023 | global books | 135.00 | 621.395 PAN | 6572 | 17/03/2023 | 135.00 | 17/03/2023 | BOOK |